[Event "Gyor Amateur op 20th"]
[Site "Gyor"]
[Date "2021.06.06"]
[Round "5"]
[White "Halmai, Florian"]
[Black "Jurasits, Miklos"]
[Result "1/2-1/2"]
[WhiteElo "1412"]
[BlackElo "1595"]
[PlyCount "70"]
[EventDate "2021.06.05"]
[EventType "swiss"]
[EventRounds "5"]
[EventCountry "HUN"]
[SourceTitle "EXT 2025"]
[Source "ChessBase"]
[SourceDate "2024.10.14"]
[SourceVersion "1"]
[SourceVersionDate "2024.10.14"]
[SourceQuality "1"]

1. e4 c5 2. Nf3 Nc6 3. d4 cxd4 4. Nxd4 g6 5. c4 Bg7 6. Nxc6 bxc6 7. Qc2 d6 8. h3 Nf6 9. Nc3 0-0 10. Be3 c5 11. Be2 Rb8 12. 0-0 Qb6 13. e5 dxe5 14. Na4 Bf5 15. Bd3 Bxd3 16. Qxd3 Qd8 17. Rad1 Qa5 18. b3 Rfd8 19. Qe2 Rdc8 20. Bd2 Qc7 21. f4 Nd7 22. Bc3 Rf8 23. Rd5 e6 24. Bxe5 Bxe5 25. Rxd7 Bd4+ 26. Rxd4 cxd4 27. Qe4 Rfd8 28. Rd1 d3 29. Nc3 Qc5+ 30. Kf1 a6 31. Rxd3 Rxd3 32. Qxd3 Qc7 33. Qg3 Rd8 34. Ne4 Qe7 35. Qc3 h5 1/2-1/2

[Event "Gyor Amateur op 20th"]
[Site "Gyor"]
[Date "2021.06.05"]
[Round "3"]
[White "Kemeny, Benjamin"]
[Black "Jurasits, Miklos"]
[Result "0-1"]
[WhiteElo "1294"]
[BlackElo "1595"]
[PlyCount "76"]
[EventDate "2021.06.05"]
[EventType "swiss"]
[EventRounds "5"]
[EventCountry "HUN"]
[SourceTitle "EXT 2025"]
[Source "ChessBase"]
[SourceDate "2024.10.14"]
[SourceVersion "1"]
[SourceVersionDate "2024.10.14"]
[SourceQuality "1"]

1. d4 Nf6 2. g3 d5 3. Bg2 g6 4. Nf3 Bg7 5. 0-0 0-0 6. Bf4 Bf5 7. Re1 Nbd7 8. c3 Rc8 9. Nbd2 c5 10. dxc5 Nxc5 11. Nd4 Bd7 12. N2b3 b6 13. Nxc5 bxc5 14. Nb3 Ne4 15. Qxd5 Bc6 16. Qc4 e5 17. Bxe4 exf4 18. Bxc6 Rxc6 19. Qxf4 Qb6 20. Qc4 a5 21. Rab1 Re8 22. e3 Bf8 23. Qa4 Ra8 24. Red1 c4 25. Nd4 Rc5 26. Nc2 h5 27. Rd4 Rac8 28. Na3 Qe6 29. Qd7 Qb6 30. Rf4 R5c7 31. Qd5 Bxa3 32. b3 Qc5 33. bxc4 Qxd5 34. cxd5 Rxc3 35. Rb5 R3c5 36. Rb3 Rc1+ 37. Kg2 Bd6 38. Rb7 Bxf4 0-1